The scramble for Africa (Record no. 7569)
[ view plain ]
| 000 -LEADER | |
|---|---|
| fixed length control field | 01269nam a22003857a 4500 |
| 001 - CONTROL NUMBER | |
| control field | on1179418241 |
| 003 - CONTROL NUMBER IDENTIFIER | |
| control field | TZ-ArACH |
| 005 - DATE AND TIME OF LATEST TRANSACTION | |
| control field | 20251021141903.0 |
| 008 - FIXED-LENGTH DATA ELEMENTS--GENERAL INFORMATION | |
| fixed length control field | 120330r19912010enkab b 000 0 eng d |
| 010 ## - LIBRARY OF CONGRESS CONTROL NUMBER | |
| LC control number | 2012428063 |
| 020 ## - INTERNATIONAL STANDARD BOOK NUMBER | |
| International Standard Book Number | 9780349104492 |
| Qualifying information | (pbk.) |
| 020 ## - INTERNATIONAL STANDARD BOOK NUMBER | |
| International Standard Book Number | 0349104492 |
| 035 ## - SYSTEM CONTROL NUMBER | |
| System control number | (OCoLC)1179418241 |
| 040 ## - CATALOGING SOURCE | |
| Original cataloging agency | LDS |
| Language of cataloging | eng |
| Transcribing agency | LDS |
| Modifying agency | OCLCO |
| -- | OCLCF |
| -- | OCLCO |
| -- | OCLCQ |
| -- | OCLCL |
| -- | OCLCQ |
| 049 ## - LOCAL HOLDINGS (OCLC) | |
| Holding library | TZAA |
| 050 00 - LIBRARY OF CONGRESS CALL NUMBER | |
| Classification number | DT28 |
| Item number | .P34 1991 |
| 100 1# - MAIN ENTRY--PERSONAL NAME | |
| Personal name | Pakenham, Thomas |
| Dates associated with a name | 1933- |
| 245 14 - TITLE STATEMENT | |
| Title | The scramble for Africa |
| Statement of responsibility, etc | Thomas Pakenham |
| 260 ## - PUBLICATION, DISTRIBUTION, ETC. (IMPRINT) | |
| Place of publication, distribution, etc | London: |
| Name of publisher, distributor, etc | Abacua, |
| Date of publication, distribution, etc | 2010. |
| 300 ## - PHYSICAL DESCRIPTION | |
| Extent | xxvii, 738 p.: |
| Other physical details | ill., maps; |
| Dimensions | 20 cm. |
| 504 ## - BIBLIOGRAPHY, ETC. NOTE | |
| Bibliography, etc | Includes bibliography and index. |
| 648 #7 - SUBJECT ADDED ENTRY--CHRONOLOGICAL TERM | |
| Chronological term | To 1999 |
| Source of heading or term | fast |
| 650 #7 - SUBJECT ADDED ENTRY--TOPICAL TERM | |
| Topical term or geographic name as entry element | Colonization. |
| Source of heading or term | fast |
| 651 #0 - SUBJECT ADDED ENTRY--GEOGRAPHIC NAME | |
| Geographic name | Africa |
| General subdivision | History |
| Chronological subdivision | To 1884. |
| 9 (RLIN) | 15853 |
| 651 #0 - SUBJECT ADDED ENTRY--GEOGRAPHIC NAME | |
| Geographic name | Africa |
| General subdivision | History |
| Chronological subdivision | 1884-1918. |
| 651 #0 - SUBJECT ADDED ENTRY--GEOGRAPHIC NAME | |
| Geographic name | Africa |
| General subdivision | Colonization |
| -- | History |
| Chronological subdivision | 19th century. |
| 651 #0 - SUBJECT ADDED ENTRY--GEOGRAPHIC NAME | |
| Geographic name | Africa |
| General subdivision | Colonization |
| -- | History |
| Chronological subdivision | 20th century. |
| 651 #0 - SUBJECT ADDED ENTRY--GEOGRAPHIC NAME | |
| Geographic name | Europe |
| General subdivision | Colonies |
| Geographic subdivision | Africa |
| General subdivision | History |
| Chronological subdivision | 19th century. |
| 651 #0 - SUBJECT ADDED ENTRY--GEOGRAPHIC NAME | |
| Geographic name | Europe |
| General subdivision | Colonies |
| Geographic subdivision | Africa |
| General subdivision | History |
| Chronological subdivision | 20th century. |
| 651 #6 - SUBJECT ADDED ENTRY--GEOGRAPHIC NAME | |
| Geographic name | Afrique |
| General subdivision | Histoire |
| Chronological subdivision | Jusqu'�a 1884. |
| 651 #6 - SUBJECT ADDED ENTRY--GEOGRAPHIC NAME | |
| Geographic name | Afrique |
| General subdivision | Histoire |
| Chronological subdivision | 1884-1918. |
| 651 #7 - SUBJECT ADDED ENTRY--GEOGRAPHIC NAME | |
| Geographic name | Africa. |
| Source of heading or term | fast |
| 655 #7 - INDEX TERM--GENRE/FORM | |
| Genre/form data or focus term | History. |
| Source of term | fast |
| 942 ## - ADDED ENTRY ELEMENTS (KOHA) | |
| Source of classification or shelving scheme | Library of Congress Classification |
| Koha item type | Books |
| Home library | Current library | Date acquired | Full call number | Barcode | Koha item type |
|---|---|---|---|---|---|
| African Court on Human and Peoples' Rights Library | African Court on Human and Peoples' Rights Library | 21/10/2025 | DT28 .P34 1991 | 10038531 | Books |
